| 000 | 00663nam a2200253Ia 4500 | ||
|---|---|---|---|
| 003 | OSt | ||
| 005 | 20220918164834.0 | ||
| 006 | a|||||r|||| 00| 0 | ||
| 007 | ta | ||
| 008 | 220917b |||||||| |||| 00| 0 eng d | ||
| 020 | _a0800214673 | ||
| 024 | _a234,800 | ||
| 037 | _cTextual | ||
| 040 |
_aARTS _cARTS _beng |
||
| 041 |
_2eng _aeng |
||
| 082 | _aS8, L9 | ||
| 100 |
_aCohen David B. _921155 |
||
| 245 | 0 |
_aSleep and dreaming _b origins, nature and functions |
|
| 260 |
_aOxford _bPergamon Press _c1979 |
||
| 300 |
_a309p _ccm. |
||
| 650 | _aSOCIAL PSYCHOLOGY | ||
| 942 |
_hS8, L9 _cTEXL _2CC |
||
| 999 |
_c126925 _d126925 |
||